000 00889nam a2200241 a 4500
001 000023123
005 20200930022013.0
008 101126s1983 ag r 000 | spa d
020 _a9509098035
040 _aDO-SdBNP
_bspa
_cBNPHU
082 _axxx
_bP437t
100 1 _aPerelman, Lewis J.
_947606
240 1 0 _aEnergy transitions : long-term perspectives
245 1 0 _aTransiciones de las fuentes de energía :
_bperspectivas a largo plazo /
_cLewis J. Perelman, August W. Giebelhaus, Michael D. Yokell ; traducido por José Clementi.
260 _aBuenos Aires :
_bAragón,
_c1983.
300 _a207 p. ;
_c21 cm.
500 _aIncluye notas y referencia
534 _aTítulo original :
_tEnergy transitions : long-term perspectives
700 1 _aGiebelhaus, August W.
_947607
700 1 _aYokell , Michael D.
_947608
700 1 _aClementi, José
_etr.
_941126
049 _aBNGR
999 _c22620
_d22620